000 00616nam a22002177a 4500
005 20170124110113.0
010 _a131982
020 _c00.00
035 _a131982
037 _bCen Lib/Ret
040 _aDPL
_bEN
082 _a915.8
_bMIN
100 _aMineau, Wayne
_929420
245 _aThe go devils /
_cby Wayne Mineau
260 _aLondon
_bCassell
_c1958
270 _bLondon
_e35 Red Lion Square
300 _a243p. :
_c20cm(Hb)
_bill.
650 _aPetroleum industry and trade -- Middle East
_929421
650 _aPetroleum industry and trade
_929422
942 _2ddc
_cEN
_h915.8
_mMIN
999 _c130522
_d130522